[Event "Titled Tuesday intern op 15th Aug Late"]
[Site "Chess.com INT"]
[Date "2023.08.15"]
[Round "1"]
[White "Postlmayer, Jakob"]
[Black "Giang, Tran Nam"]
[Result "1-0"]
[WhiteElo "2347"]
[BlackElo "2229"]
[PlyCount "167"]
[EventDate "2023.08.15"]
[EventType "swiss (blitz)"]
[EventRounds "11"]
[EventCountry "USA"]
[SourceTitle "EXT 2024"]
[Source "ChessBase"]
[SourceDate "2023.10.10"]
[SourceVersion "1"]
[SourceVersionDate "2023.10.10"]
[SourceQuality "1"]

1. e4 c5 2. Nf3 e6 3. c3 Nf6 4. e5 Nd5 5. g3 d6 6. exd6 Bxd6 7. Bg2 0-0 8. 0-0 Nc6 9. d4 cxd4 10. Nxd4 Nxd4 11. Qxd4 Nf6 12. Rd1 Bc7 13. Be3 e5 14. Qxd8 Rxd8 15. Na3 Rxd1+ 16. Rxd1 a6 17. Nc4 Rb8 18. Nb6 Be6 19. b3 h6 20. h3 Kf8 21. c4 Ke8 22. Kf1 Nd7 23. Nd5 Bxd5 24. Rxd5 Nf6 25. Rd2 Ke7 26. a4 b6 27. Ke2 Rd8 28. Rxd8 Kxd8 29. Bc6 Ke7 30. b4 a5 31. c5 bxc5 32. Bxc5+ Bd6 33. Bxd6+ Kxd6 34. b5 Kc5 35. Kd3 Ng8 36. Ke4 f6 37. Bd5 Ne7 38. Bf7 Nc8 39. Kf5 Nb6 40. Bb3 Kb4 41. Bd1 Kc3 42. Kg6 Kd2 43. Bg4 Nxa4 44. Kxg7 Nb6 45. Kxf6 a4 46. Be6 a3 47. Kxe5 Kc3 48. Ba2 Kb2 49. Be6 Kc3 50. Kf5 Nc4 51. Bxc4 Kxc4 52. b6 a2 53. b7 a1Q 54. b8Q Qf1 55. Qf4+ Kb3 56. h4 Qd3+ 57. Qe4 Qf1 58. Qe3+ Ka2 59. Kg6 Qb1+ 60. Kxh6 Qb8 61. Kg5 Qg8+ 62. Kf4 Qf7+ 63. Ke4 Qe6+ 64. Kf3 Qd5+ 65. Qe4 Qf7+ 66. Kg2 Qf8 67. Qf3 Qe7 68. h5 Ka1 69. Qd5 Qg7 70. Qc6 Qe7 71. h6 Qh7 72. g4 Qg8 73. Kg3 Qb8+ 74. f4 Qb3+ 75. Qf3 Qg8 76. g5 Qb3 77. Kg4 Qe6+ 78. f5 Qc4+ 79. Kh5 Qf7+ 80. g6 Qb3 81. Qg4 Qd3 82. h7 Qd5 83. h8Q+ Qd4 84. Qhxd4+ 1-0

[Event "Titled Tuesday intern op 15th Aug Late"]
[Site "Chess.com INT"]
[Date "2023.08.15"]
[Round "10"]
[White "Postlmayer, Jakob"]
[Black "Rustemov, Alexander"]
[Result "0-1"]
[WhiteElo "2347"]
[BlackElo "2525"]
[PlyCount "144"]
[EventDate "2023.08.15"]
[EventType "swiss (blitz)"]
[EventRounds "11"]
[EventCountry "USA"]
[SourceTitle "EXT 2024"]
[Source "ChessBase"]
[SourceDate "2023.10.10"]
[SourceVersion "1"]
[SourceVersionDate "2023.10.10"]
[SourceQuality "1"]

1. d4 g6 2. c4 Bg7 3. Nc3 c5 4. d5 Bxc3+ 5. bxc3 f5 6. e4 fxe4 7. f3 e5 8. dxe6 Qa5 9. fxe4 Nf6 10. Qc2 dxe6 11. Nf3 Nc6 12. Bd3 e5 13. Bh6 Ng4 14. Bd2 0-0 15. 0-0 Kg7 16. Be2 Qc7 17. h3 Nf6 18. Be3 b6 19. Rad1 Be6 20. Bf2 Nh5 21. Ng5 Bg8 22. Bxh5 gxh5 23. Rd5 Rf6 24. Rfd1 Rd8 25. Rxd8 Nxd8 26. Qd3 Nf7 27. Bh4 Rd6 28. Qe2 Rxd1+ 29. Qxd1 Nxg5 30. Bxg5 Kg6 31. Be3 Bxc4 32. a3 Qe7 33. Qf3 Qf6 34. Qg3+ Kf7 35. Bg5 Qd6 36. Kh2 Ke8 37. Qf3 Bf7 38. Bh4 Qe6 39. Bg3 Kd7 40. Qd1+ Kc7 41. Qf1 Bg6 42. Qf3 Kb7 43. Qe3 Qc6 44. Qg5 Bxe4 45. Bxe5 Qg6 46. Qd2 Bc6 47. Bg3 Qe4 48. h4 Ka6 49. Qf2 Ka5 50. Qd2 Ka4 51. Qb2 a5 52. Qa2 c4 53. Qb2 b5 54. Qa2 Qxg2+ 55. Qxg2 Bxg2 56. Kxg2 Kxa3 57. Bc7 a4 58. Bd6+ Kb3 59. Kf3 Kxc3 60. Kf4 b4 61. Kg5 Kb3 62. Kxh5 c3 63. Kh6 a3 64. Kxh7 a2 65. h5 a1Q 66. h6 Qa7+ 67. Kg8 Qa8+ 68. Bf8 Qg2+ 69. Bg7 Qd5+ 70. Kf8 c2 71. h7 Qd8+ 72. Kf7 c1Q 0-1

[Event "Titled Tuesday intern op 15th Aug Early"]
[Site "Chess.com INT"]
[Date "2023.08.15"]
[Round "5"]
[White "Putnam, Liam H"]
[Black "Postlmayer, Jakob"]
[Result "1-0"]
[WhiteElo "2304"]
[BlackElo "2347"]
[PlyCount "69"]
[EventDate "2023.08.15"]
[EventType "swiss (blitz)"]
[EventRounds "11"]
[EventCountry "USA"]
[SourceTitle "EXT 2024"]
[Source "ChessBase"]
[SourceDate "2023.10.10"]
[SourceVersion "1"]
[SourceVersionDate "2023.10.10"]
[SourceQuality "1"]

1. d4 Nf6 2. c4 g6 3. Nc3 Bg7 4. e4 d6 5. Nge2 0-0 6. Ng3 h5 7. Bg5 Nh7 8. Be3 h4 9. Nge2 Nc6 10. Qd2 e5 11. d5 Ne7 12. c5 f5 13. f3 f4 14. Bf2 g5 15. h3 Nf6 16. 0-0-0 Rf7 17. Kb1 Bf8 18. Nc1 Ng6 19. b4 a5 20. a3 axb4 21. axb4 Nh5 22. Nb3 Ng3 23. Rg1 Nxf1 24. Rgxf1 Bd7 25. Kb2 Be7 26. Ra1 Rf8 27. Rxa8 Qxa8 28. Ra1 Qb8 29. b5 c6 30. cxd6 Bxd6 31. dxc6 bxc6 32. Ba7 Qb7 33. Qxd6 Be8 34. Nc5 Qc8 35. b6 1-0

[Event "Titled Tuesday intern op 01st Aug Early"]
[Site "Chess.com INT"]
[Date "2023.08.01"]
[Round "8"]
[White "Martin, Lewis"]
[Black "Postlmayer, Jakob"]
[Result "0-1"]
[WhiteElo "2135"]
[BlackElo "2347"]
[PlyCount "106"]
[EventDate "2023.08.01"]
[EventType "swiss (blitz)"]
[EventRounds "11"]
[EventCountry "USA"]
[SourceTitle "EXT 2024"]
[Source "ChessBase"]
[SourceDate "2023.10.10"]
[SourceVersion "1"]
[SourceVersionDate "2023.10.10"]
[SourceQuality "1"]

1. e4 c5 2. Nf3 d6 3. d4 cxd4 4. Nxd4 Nf6 5. Nc3 a6 6. h3 e5 7. Nde2 h5 8. g3 Be7 9. Bg2 b5 10. Bg5 Nbd7 11. a3 Bb7 12. 0-0 Rc8 13. Qd2 Qc7 14. Rad1 Nb6 15. b3 0-0 16. Bxf6 Bxf6 17. Qxd6 Be7 18. Qxc7 Rxc7 19. Ra1 Rfc8 20. a4 b4 21. Nd5 Bxd5 22. exd5 Rxc2 23. Rfe1 Bd6 24. Rac1 f5 25. Kf1 Kf7 26. Rxc2 Rxc2 27. Rc1 Rxc1+ 28. Nxc1 Kf6 29. Nd3 e4 30. Nb2 Ke5 31. Ke2 Kxd5 32. f3 Bxg3 33. fxe4+ fxe4 34. a5 Nd7 35. Nd3 Bd6 36. Ke3 Nf6 37. Nf4+ Ke5 38. Ng6+ Kf5 39. Nh4+ Kg5 40. Bxe4 Kxh4 41. Bf5 Bc7 42. Kd4 Bxa5 43. Kc4 Bd8 44. Kxb4 a5+ 45. Kb5 g5 46. b4 axb4 47. Kxb4 Bc7 48. Kc4 Kg3 49. Kd3 Kf4 50. Bc8 Ne4 51. Ke2 Bb6 52. Kf1 Kg3 53. Ke2 Nf2 0-1

[Event "AUT-ch"]
[Site "Vienna"]
[Date "2023.07.28"]
[Round "7"]
[White "Postlmayer, Jakob"]
[Black "Nagarkatte, Vedant"]
[Result "1-0"]
[WhiteElo "2347"]
[BlackElo "2109"]
[PlyCount "81"]
[EventDate "2023.07.22"]
[EventType "swiss"]
[EventRounds "9"]
[EventCountry "AUT"]
[SourceTitle "CBM 215 Extra"]
[Source "ChessBase"]
[SourceDate "2023.09.30"]
[SourceVersion "1"]
[SourceVersionDate "2023.09.30"]
[SourceQuality "1"]

1. d4 d5 2. Nf3 Nf6 3. c4 c6 4. Nc3 e6 5. Bg5 Nbd7 6. e3 Qa5 7. Nd2 Ne4 8. Ndxe4 dxe4 9. Bh4 Bb4 10. Qc2 Nb6 11. Be2 Na4 12. Rc1 Nxc3 13. bxc3 Ba3 14. Rb1 Bd6 15. 0-0 Qf5 16. c5 Bc7 17. Bg3 Bxg3 18. fxg3 Qg6 19. a4 0-0 20. a5 a6 21. Bc4 f5 22. Rf4 h5 23. Qb3 Qh6 24. Rbf1 Kh7 25. Qb6 g5 26. R4f2 Qg7 27. Be2 g4 28. c4 Qe7 29. Bd1 Qd8 30. Qb4 Qc7 31. Bc2 h4 32. gxh4 g3 33. Rf4 gxh2+ 34. Kh1 Rg8 35. Bxe4 Qg7 36. Qd2 Qg3 37. Bc2 Bd7 38. R1f3 Qg6 39. e4 Rg7 40. exf5 exf5 41. Rxf5 1-0